000 00543nam a2200181Ia 4500
008 190719s9999||||xx |||||||||||||| ||und||
020 _a9780707741802
_c£ 59.60
040 _aIMU Kochi
082 0 4 _a623.890202
_bUn314
110 _aGreat Britain.
_bHydrographic Office
245 4 _aThe Mariner's handbook /
_cUnited Kingdom Hydrographic Office
250 _a11th ed.
260 _a :
_bUnited Kingdom Hydrographic Office ,
_c2016
300 _c;
490 _aNP
_v100
650 _aNavigation
_vHandbooks, manuals, etc.
942 _2ddc
_cBK
999 _c42
_d42